| Tag |
First Indicator |
Second Indicator |
Subfields |
| LEADER |
00000cam a2200000 4500 |
| 001 |
in00000282940 |
| 005 |
20151010090910.0 |
| 008 |
720926s1967 njub b 00000 eng |
| 010 |
|
|
|a 67013354
|
| 035 |
|
|
|a (OCoLC)00414376
|
| 035 |
|
|
|9 ABG4949AM
|
| 040 |
|
|
|c WSU
|d TXA
|d UtOrBLW
|
| 049 |
|
|
|a TXAM
|c [478441]
|
| 050 |
|
0 |
|a DT38
|b .E4
|
| 082 |
0 |
|
|a 327.67/073
|
| 100 |
1 |
|
|a Emerson, Rupert,
|d 1899-1979.
|
| 245 |
1 |
0 |
|a Africa and United States policy.
|
| 264 |
|
1 |
|a Englewood Cliffs, N.J. :
|b Prentice-Hall,
|c [1967]
|
| 300 |
|
|
|a 117 pages
|
| 336 |
|
|
|a text
|b txt
|2 rdacontent
|
| 337 |
|
|
|a unmediated
|b n
|2 rdamedia
|
| 338 |
|
|
|a volume
|b nc
|2 rdacarrier
|
| 490 |
1 |
|
|a America's role in world affairs series
|
| 504 |
|
|
|a Bibliography: page 111. Bibliographical footnotes.
|
| 651 |
|
0 |
|a Africa, Sub-Saharan
|x Foreign relations
|z United States.
|
| 651 |
|
0 |
|a United States
|x Foreign relations
|z Africa, Sub-Saharan.
|
| 830 |
|
0 |
|a America's role in world affairs series.
|
| 999 |
|
|
|a MARS
|
| 999 |
f |
f |
|s bac72c7b-95af-3fa6-ab5b-9c5efd96aad5
|i de619626-5201-3382-8b8e-10a16b640f09
|t 0
|
| 952 |
f |
f |
|p ric
|a Texas A&M University
|b Rellis Campus
|c Joint Library Facility
|d Remote Storage
|t 0
|e DT38 .E4
|h Library of Congress classification
|i unmediated -- volume
|m A14802085671
|
| 998 |
f |
f |
|a DT38 .E4
|t 0
|l Remote Storage
|